Libion Country Quiz - Statistics

General Stats
  • This quiz has been taken 6 times
  • The average score is 2 of 20
Answer Stats
Hint Answer % Correct
Kingdoms of Libion Libion
100%
Government type of Libion Federation
50%
Founding year 1281
0%
Longest river Agoriyyet
0%
Mountainous province in the east Alpinia
0%
Aschalia
0%
Capital and largest city Aspheralti
0%
Avaria
0%
Most-spoken language Brionic
0%
Faction Libion was part of in the Nine Year's War Coalition
0%
Most popular religion Damenism
0%
This treaty instituted the above Druan Pact
0%
Political union founded alongside Khavaria Druan Union
0%
Four Brions
0%
Title of the head of state Grand Minister
0%
Currency Kira
0%
Original government of Libion Oligarchy
0%
Second-largest city Preskeliun
0%
Rykelia
0%
First person to have the above role Standeri Markethiyyn
0%
No matching quizzes found
Score Distribution
Percent of People with Each Score
Percentile by Number Answered
Your Score History
You have not taken this quiz